000 00666nam a2200253Ia 4500
005 20260121154307.0
008 008 260114s9999 xx 000 0 eng d
020 _a9781003129462
037 _aEBOOK
040 _aCRL
040 _beng
040 _cCRL
041 _2eng
041 _aeng
084 _qCRL
100 _a Felipe Richter Reis; Caroline Mongruel Eleut‚rio dos Santos
_91005428
245 0 _aVolatile Compounds Formation in Specialty Beverages
260 _bTaylor and Francis
260 _c2022
856 _uhttp://www.taylorfrancis.com/books/9781003129462
942 _cEBOOK
999 _c1572249
_d1572249